European illustration 1990-91

Bibliographic Details
Other Authors: Borth-Clibboran, Edward
Format: Book
Published: S.l : Borth-Clibborn , 1990
Subjects:

MARC

LEADER 00000cam a2200000 7i4500
001 0000004466
002 000004809
005 20000330.0
020 |a 090486684X 
090 0 0 |a 741.6   |b EUR 
245 0 0 |a European illustration 1990-91   |c edited by Edward Borth-Chibborn 
260 |a S.l :   |b Borth-Clibborn ,   |c 1990 
300 |a 256p. :   |b Pic ;   |c 30cm. 
650 0 0 |a Graphic arts 
650 0 0 |a Ilumination of books and manuscripts   |z Great Britain 
700 1 |a Borth-Clibboran, Edward   |f editor 
999 |a 032718   |b BUKU   |c PINJAMAN   |e PERPUSTAKAAN KOMUNITI PETALING JAYA